[Event "RUS-chT Men Rapid 2019"]
[Site "Sochi"]
[Date "2019.10.18"]
[Round "3.11"]
[White "Golubov, Saveliy"]
[Black "Potapov, Pavel"]
[Result "1-0"]
[WhiteElo "2469"]
[BlackElo "2489"]
[Annotator "ChessBase"]
[PlyCount "84"]
[EventDate "2019.10.18"]
[EventType "swiss"]
[EventCountry "RUS"]
[SourceTitle "playchess.com"]
[Source "ChessBase"]
[SourceQuality "1"]
[TimeControl "900+10"]

1. d4 {[%emt 0:00:07]} f5 {[%emt 0:00:00]} 2. e4 {[%emt 0:01:14]} fxe4 {[%emt 0:00:00]} 3. Nc3 {[%emt 0:00:59]} Nf6 {[%emt 0:00:00]} 4. f3 {[%emt 0:00:26]} e3 {[%emt 0:01:09]} 5. Bxe3 {[%emt 0:00:13]} d5 {[%emt 0:00:04]} 6. Bd3 {[%emt 0:00:27]} c5 {[%emt 0:00:49]} 7. dxc5 {[%emt 0:00:48]} e5 {[%emt 0:01:36]} 8. Bf2 {[%emt 0:02:41]} Nc6 {[%emt 0:00:40]} 9. Nge2 {[%emt 0:00:21]} Qa5 {[%emt 0:03:45]} 10. O-O {[%emt 0:03:50]} Bxc5 {[%emt 0:00:05]} 11. Bxc5 {[%emt 0:00:03]} Qxc5+ {[%emt 0:00:02]} 12. Kh1 {[%emt 0:00:01]} O-O {[%emt 0:00:07]} 13. Qd2 {[%emt 0:00:51]} Be6 {[%emt 0:00:49]} 14. a3 {[%emt 0:00:16]} Rae8 {[%emt 0:00:16]} 15. b4 {[%emt 0:00:13]} Qe7 {[%emt 0:00:15]} 16. Ng3 {[%emt 0:00:44]} Qf7 {[%emt 0:00:42]} 17. Rae1 {[%emt 0:00:19]} Nh5 {[%emt 0:00:58]} 18. b5 {[%emt 0:00:26]} Nxg3+ {[%emt 0:00:19]} 19. hxg3 {[%emt 0:00:01]} Qh5+ {[%emt 0:00:02]} 20. Kg1 {[%emt 0:00:02]} Nd4 {[%emt 0:00:01]} 21. Qe3 {[%emt 0:02:27]} Bf7 {[%emt 0:01:29]} 22. Qd2 {[%emt 0:00:54]} Be6 {[%emt 0:00:18]} 23. Qe3 {[%emt 0:00:05]} Bf7 {[%emt 0:00:01]} 24. Qf2 {[%emt 0:00:38]} Rc8 {[%emt 0:00:33]} 25. f4 {[%emt 0:00:13]} Be6 {[%emt 0:01:16]} 26. Nd1 {[%emt 0:00:02]} Bg4 {[%emt 0:00:34]} 27. Ne3 {[%emt 0:00:24]} Rce8 {[%emt 0:00:46]} 28. Nxd5 {[%emt 0:00:13]} Re6 {[%emt 0:00:15]} 29. Qe3 {[%emt 0:00:27]} Rh6 {[%emt 0:01:00]} 30. Qxe5 {[%emt 0:00:04]} Qh2+ {[%emt 0:00:44]} 31. Kf2 {[%emt 0:00:01]} Rh3 {[%emt 0:01:03]} 32. Ne7+ {[%emt 0:00:35]} Kh8 {[%emt 0:00:03]} 33. f5 {[%emt 0:00:00]} Nf3 {[%emt 0:00:25]} 34. Qd6 {[%emt 0:00:15]} Qxg2+ {[%emt 0:00:03]} 35. Ke3 {[%emt 0:00:05]} Qd2+ {[%emt 0:00:09]} 36. Ke4 {[%emt 0:00:03]} Nxe1 {[%emt 0:00:25]} 37. f6 {[%emt 0:00:23]} Bf3+ {[%emt 0:00:12]} 38. Rxf3 {[%emt 0:00:01]} gxf6 {[%emt 0:00:09]} 39. Ng6+ {[%emt 0:00:20]} hxg6 {[%emt 0:00:01]} 40. Qxf8+ {[%emt 0:00:01]} Kh7 {[%emt 0:00:01]} 41. Rxf6 {[%emt 0:00:13]} Qg2+ {[%emt 0:00:10]} 42. Kd4 {[%emt 0:00:12]} Nxc2+ {[%emt 0:00:28] Ke4} 1-0

[Event "RUS-chT Men Rapid 2019"]
[Site "Sochi"]
[Date "2019.10.18"]
[Round "3.12"]
[White "Belyakov, Bogdan"]
[Black "Apryshko, Gleb"]
[Result "1/2-1/2"]
[WhiteElo "2495"]
[BlackElo "2382"]
[Annotator "ChessBase"]
[PlyCount "50"]
[EventDate "2019.10.18"]
[EventType "swiss"]
[EventCountry "RUS"]
[SourceTitle "playchess.com"]
[Source "ChessBase"]
[SourceQuality "1"]
[TimeControl "900+10"]

1. e4 {[%emt 0:00:00]} e6 {[%emt 0:00:15]} 2. d4 {[%emt 0:00:00]} d5 {[%emt 0:00:01]} 3. Nc3 {[%emt 0:00:00]} Nf6 {[%emt 0:00:04]} 4. Bg5 {[%emt 0:00:03]} Bb4 {[%emt 0:00:56]} 5. Nge2 {[%emt 0:00:09]} dxe4 {[%emt 0:00:31]} 6. a3 {[%emt 0:00:03]} Be7 {[%emt 0:00:05]} 7. Bxf6 {[%emt 0:00:03]} Bxf6 {[%emt 0:00:05]} 8. Nxe4 {[%emt 0:00:02]} Bd7 {[%emt 0:00:06]} 9. g3 {[%emt 0:02:58]} Bc6 {[%emt 0:00:17]} 10. Bg2 {[%emt 0:00:02]} g6 {[%emt 0:02:21]} 11. O-O {[%emt 0:01:47]} Bg7 {[%emt 0:00:03]} 12. c4 {[%emt 0:00:02]} Nd7 {[%emt 0:02:55]} 13. b4 {[%emt 0:03:32]} Bxe4 {[%emt 0:00:15]} 14. Bxe4 {[%emt 0:00:02]} c6 {[%emt 0:00:02]} 15. Rb1 {[%emt 0:00:14]} Nf6 {[%emt 0:00:56]} 16. Bg2 {[%emt 0:00:04]} a6 {[%emt 0:00:03]} 17. a4 {[%emt 0:01:42]} O-O {[%emt 0:00:12]} 18. b5 {[%emt 0:00:01]} axb5 {[%emt 0:00:18]} 19. axb5 {[%emt 0:00:02]} Qd7 {[%emt 0:00:30]} 20. bxc6 {[%emt 0:00:04]} bxc6 {[%emt 0:00:01]} 21. Rb6 {[%emt 0:00:06]} Rac8 {[%emt 0:01:18]} 22. Qb3 {[%emt 0:03:22]} c5 {[%emt 0:01:03]} 23. Rb7 {[%emt 0:00:06]} Qd6 {[%emt 0:00:11]} 24. Rb6 {[%emt 0:00:19]} Qd7 {[%emt 0:00:12]} 25. Rb7 {[%emt 0:00:02]} Qd6 {[%emt 0:00:01]} 1/2-1/2

[Event "RUS-chT Men Rapid 2019"]
[Site "Sochi"]
[Date "2019.10.18"]
[Round "3.13"]
[White "Drygalov, Andrey"]
[Black "Kokarev, Dmitry"]
[Result "0-1"]
[WhiteElo "2484"]
[BlackElo "2593"]
[Annotator "ChessBase"]
[PlyCount "104"]
[EventDate "2019.10.18"]
[EventType "swiss"]
[EventCountry "RUS"]
[SourceTitle "playchess.com"]
[Source "ChessBase"]
[SourceQuality "1"]
[TimeControl "900+10"]

1. e4 {[%emt 0:00:00]} c5 {[%emt 0:00:00]} 2. Nf3 {[%emt 0:00:00]} d6 {[%emt 0:00:00]} 3. d4 {[%emt 0:00:00]} Nf6 {[%emt 0:00:00]} 4. Nc3 {[%emt 0:00:00]} cxd4 {[%emt 0:00:00]} 5. Nxd4 {[%emt 0:00:00]} a6 {[%emt 0:00:00]} 6. Be3 {[%emt 0:00:00]} e5 {[%emt 0:00:02]} 7. Nb3 {[%emt 0:00:02]} Be6 {[%emt 0:00:05]} 8. f3 {[%emt 0:00:05]} Nbd7 {[%emt 0:00:05]} 9. Qd2 {[%emt 0:00:02]} Be7 {[%emt 0:00:10]} 10. O-O-O {[%emt 0:00:14]} b5 {[%emt 0:00:04]} 11. g4 {[%emt 0:00:05]} h6 {[%emt 0:00:02]} 12. Kb1 {[%emt 0:00:24]} Nb6 {[%emt 0:00:44]} 13. Qf2 {[%emt 0:00:07]} Nfd7 {[%emt 0:00:02]} 14. h4 {[%emt 0:01:03]} Qc7 {[%emt 0:00:04]} 15. Rh2 {[%emt 0:01:37]} Nc4 {[%emt 0:00:04]} 16. Bxc4 {[%emt 0:00:09]} bxc4 {[%emt 0:00:02]} 17. Nc1 {[%emt 0:00:15]} Rb8 {[%emt 0:00:04]} 18. N1e2 {[%emt 0:00:49]} O-O {[%emt 0:03:33]} 19. Ka1 {[%emt 0:02:02]} Qb7 {[%emt 0:00:34]} 20. Bc1 {[%emt 0:02:09]} Rfc8 {[%emt 0:00:22]} 21. g5 {[%emt 0:00:50]} h5 {[%emt 0:00:02]} 22. f4 {[%emt 0:00:16]} Bg4 {[%emt 0:01:09]} 23. Rf1 {[%emt 0:00:49]} Bd8 {[%emt 0:00:19]} 24. fxe5 {[%emt 0:03:30]} Nxe5 {[%emt 0:00:05]} 25. Qg3 {[%emt 0:00:18]} Ba5 {[%emt 0:03:42]} 26. Nd5 {[%emt 0:01:18]} Bd2 {[%emt 0:00:50]} 27. Qa3 {[%emt 0:00:43]} Bxe2 {[%emt 0:01:48]} 28. Rxe2 {[%emt 0:00:03]} c3 {[%emt 0:00:04]} 29. b3 {[%emt 0:01:01]} Qb5 {[%emt 0:00:05]} 30. Ref2 {[%emt 0:01:02]} Nc4 {[%emt 0:00:02]} 31. Qa4 {[%emt 0:00:04]} Qxa4 {[%emt 0:00:02]} 32. bxa4 {[%emt 0:00:01]} Rb7 {[%emt 0:00:12]} 33. Bxd2 {[%emt 0:00:12]} cxd2 {[%emt 0:00:05]} 34. Rd1 {[%emt 0:00:49]} Na3 {[%emt 0:00:31]} 35. Rfxd2 {[%emt 0:00:28]} Nxc2+ {[%emt 0:00:10]} 36. Rxc2 {[%emt 0:00:01]} Rxc2 {[%emt 0:00:01]} 37. a3 {[%emt 0:00:00]} Rc4 {[%emt 0:00:18]} 38. Re1 {[%emt 0:00:29]} Rxa4 {[%emt 0:00:15]} 39. Ka2 {[%emt 0:00:02]} Rc4 {[%emt 0:00:05]} 40. Re2 {[%emt 0:00:01]} Rb8 {[%emt 0:00:24]} 41. Ne7+ {[%emt 0:00:03]} Kf8 {[%emt 0:00:08]} 42. Nf5 {[%emt 0:00:00]} Rb6 {[%emt 0:00:26]} 43. Rf2 {[%emt 0:00:20]} g6 {[%emt 0:00:17]} 44. Ne3 {[%emt 0:00:03]} Rxe4 {[%emt 0:00:08]} 45. Nd5 {[%emt 0:00:01]} Rb7 {[%emt 0:00:06]} 46. Nf6 {[%emt 0:00:01]} Rxh4 {[%emt 0:01:45]} 47. Re2 {[%emt 0:00:55]} Re7 {[%emt 0:00:02]} 48. Rc2 {[%emt 0:00:01]} Rhe4 {[%emt 0:00:11]} 49. Rc8+ {[%emt 0:00:12]} Re8 {[%emt 0:00:02]} 50. Nxe8 {[%emt 0:00:01]} Rxe8 {[%emt 0:00:02]} 51. Rc6 {[%emt 0:00:01]} a5 {[%emt 0:00:06]} 52. Rxd6 {[%emt 0:00:02]} Re5 {[%emt 0:00:01]} 0-1

[Event "RUS-chT Men Rapid 2019"]
[Site "Sochi"]
[Date "2019.10.18"]
[Round "3.14"]
[White "Shariyazdanov, Andrey"]
[Black "Lugovskoy, Maxim"]
[Result "0-1"]
[WhiteElo "2519"]
[BlackElo "2436"]
[Annotator "ChessBase"]
[PlyCount "212"]
[EventDate "2019.10.18"]
[EventType "swiss"]
[EventCountry "RUS"]
[SourceTitle "playchess.com"]
[Source "ChessBase"]
[SourceQuality "1"]
[TimeControl "900+10"]

1. c4 {[%emt 0:00:00]} e6 {[%emt 0:00:00]} 2. d4 {[%emt 0:00:06]} d5 {[%emt 0:00:00]} 3. Nc3 {[%emt 0:00:04]} a6 {[%emt 0:00:00]} 4. cxd5 {[%emt 0:00:20]} exd5 {[%emt 0:00:00]} 5. Bf4 {[%emt 0:00:01]} c6 {[%emt 0:00:00]} 6. e3 {[%emt 0:00:02]} Bd6 {[%emt 0:00:00]} 7. Bg3 {[%emt 0:00:20]} Nf6 {[%emt 0:00:39]} 8. Bd3 {[%emt 0:00:06]} Qe7 {[%emt 0:00:19]} 9. Bh4 {[%emt 0:00:21]} Nbd7 {[%emt 0:00:09]} 10. Nf3 {[%emt 0:00:12]} Nf8 {[%emt 0:00:02]} 11. O-O {[%emt 0:00:09]} Ng6 {[%emt 0:00:01]} 12. Bxf6 {[%emt 0:00:12]} Qxf6 {[%emt 0:01:05]} 13. e4 {[%emt 0:00:02]} Bg4 {[%emt 0:00:55]} 14. e5 {[%emt 0:06:02]} Bxf3 {[%emt 0:00:05]} 15. exf6 {[%emt 0:00:32]} Bxd1 {[%emt 0:00:03]} 16. fxg7 {[%emt 0:00:02]} Rg8 {[%emt 0:00:01]} 17. Re1+ {[%emt 0:00:05]} Kd8 {[%emt 0:00:20]} 18. Nxd1 {[%emt 0:00:19]} Nf4 {[%emt 0:01:41]} 19. Bf5 {[%emt 0:00:22]} Rxg7 {[%emt 0:00:03]} 20. g3 {[%emt 0:00:21]} Rg5 {[%emt 0:02:15]} 21. Ne3 {[%emt 0:00:29]} Bb4 {[%emt 0:00:02]} 22. Red1 {[%emt 0:00:07]} h5 {[%emt 0:00:08]} 23. Kf1 {[%emt 0:02:10]} Ne6 {[%emt 0:00:03]} 24. Rd3 {[%emt 0:00:58]} Kc7 {[%emt 0:00:23]} 25. h4 {[%emt 0:00:33]} Rgg8 {[%emt 0:00:16]} 26. a3 {[%emt 0:00:01]} Ba5 {[%emt 0:00:11]} 27. Bxe6 {[%emt 0:00:48]} fxe6 {[%emt 0:00:02]} 28. Ng2 {[%emt 0:00:01]} Kd7 {[%emt 0:00:17]} 29. Nf4 {[%emt 0:00:11]} Bc7 {[%emt 0:00:01]} 30. Nxh5 {[%emt 0:00:57]} Raf8 {[%emt 0:00:01]} 31. Rb3 {[%emt 0:02:05]} b5 {[%emt 0:00:05]} 32. Rc1 {[%emt 0:00:02]} Rf5 {[%emt 0:00:11]} 33. Rbc3 {[%emt 0:00:01]} Rxh5 {[%emt 0:00:17]} 34. Rxc6 {[%emt 0:00:01]} Bb8 {[%emt 0:01:41]} 35. Rxa6 {[%emt 0:00:02]} Rf5 {[%emt 0:00:30]} 36. Kg2 {[%emt 0:00:27]} e5 {[%emt 0:00:03]} 37. dxe5 {[%emt 0:01:35]} Rxe5 {[%emt 0:00:09]} 38. Rb6 {[%emt 0:00:58]} Re2 {[%emt 0:00:40]} 39. Rxb5 {[%emt 0:00:03]} Bxg3 {[%emt 0:00:33]} 40. Rxd5+ {[%emt 0:00:01]} Bd6+ {[%emt 0:00:01]} 41. Kf1 {[%emt 0:00:02]} Rxb2 {[%emt 0:00:03]} 42. Rcd1 {[%emt 0:00:02]} Rg6 {[%emt 0:00:21]} 43. a4 {[%emt 0:00:00]} Ra2 {[%emt 0:00:05]} 44. a5 {[%emt 0:00:04]} Rf6 {[%emt 0:00:01]} 45. R1d2 {[%emt 0:00:01]} Ra1+ {[%emt 0:00:20]} 46. Kg2 {[%emt 0:00:00]} Kc6 {[%emt 0:00:01]} 47. h5 {[%emt 0:00:01]} Bc5 {[%emt 0:00:11]} 48. Rg5 {[%emt 0:00:00]} Rxa5 {[%emt 0:01:21]} 49. Rg6 {[%emt 0:00:41]} Rxg6+ {[%emt 0:00:01]} 50. hxg6 {[%emt 0:00:00]} Bd6 {[%emt 0:00:02]} 51. f4 {[%emt 0:00:30]} Bxf4 {[%emt 0:00:13]} 52. Rd8 {[%emt 0:00:15]} Rg5+ {[%emt 0:01:27]} 53. Kf3 {[%emt 0:00:03]} Bd6 {[%emt 0:01:00]} 54. Rg8 {[%emt 0:00:03]} Kd7 {[%emt 0:00:14]} 55. Ke4 {[%emt 0:00:25]} Ke7 {[%emt 0:00:41]} 56. g7 {[%emt 0:00:09]} Be5 {[%emt 0:00:32]} 57. Ra8 {[%emt 0:00:06]} Bxg7 {[%emt 0:00:04]} 58. Ra7+ {[%emt 0:00:14]} Kf8 {[%emt 0:00:08]} 59. Rb7 {[%emt 0:00:02]} Bf6 {[%emt 0:00:33]} 60. Rd7 {[%emt 0:00:05]} Be7 {[%emt 0:00:04]} 61. Rd5 {[%emt 0:00:06]} Rg1 {[%emt 0:00:06]} 62. Rf5+ {[%emt 0:00:05]} Kg7 {[%emt 0:00:23]} 63. Kd5 {[%emt 0:00:05]} Bf6 {[%emt 0:00:03]} 64. Rf3 {[%emt 0:00:04]} Rd1+ {[%emt 0:00:03]} 65. Ke6 {[%emt 0:00:05]} Re1+ {[%emt 0:00:06]} 66. Kd5 {[%emt 0:00:04]} Kf7 {[%emt 0:00:32]} 67. Rb3 {[%emt 0:00:02]} Re5+ {[%emt 0:00:09]} 68. Kd6 {[%emt 0:00:07]} Ra5 {[%emt 0:00:45]} 69. Rf3 {[%emt 0:00:16]} Ra4 {[%emt 0:00:21]} 70. Re3 {[%emt 0:00:14]} Rd4+ {[%emt 0:00:02]} 71. Kc6 {[%emt 0:00:03]} Kg6 {[%emt 0:00:05]} 72. Rf3 {[%emt 0:00:03]} Kg5 {[%emt 0:00:31]} 73. Kc5 {[%emt 0:00:07]} Rd8 {[%emt 0:00:04]} 74. Rf1 {[%emt 0:00:04]} Be5 {[%emt 0:00:01]} 75. Rf7 {[%emt 0:00:25]} Bf6 {[%emt 0:00:02]} 76. Kc6 {[%emt 0:00:02]} Rd1 {[%emt 0:00:05]} 77. Kc5 {[%emt 0:00:21]} Kf5 {[%emt 0:00:02]} 78. Rh7 {[%emt 0:00:05]} Ke4 {[%emt 0:00:11]} 79. Kc6 {[%emt 0:00:35]} Be5 {[%emt 0:00:18]} 80. Rh4+ {[%emt 0:00:07]} Bf4 {[%emt 0:00:01]} 81. Rh5 {[%emt 0:00:00]} Rd6+ {[%emt 0:00:37]} 82. Kc5 {[%emt 0:00:05]} Rf6 {[%emt 0:00:19]} 83. Rh4 {[%emt 0:00:05]} Rg6 {[%emt 0:00:01]} 84. Rh8 {[%emt 0:00:12]} Be3+ {[%emt 0:00:02]} 85. Kb5 {[%emt 0:00:09]} Bd4 {[%emt 0:01:05]} 86. Rd8 {[%emt 0:00:06]} Rb6+ {[%emt 0:00:03]} 87. Kc4 {[%emt 0:00:05]} Rc6+ {[%emt 0:00:01]} 88. Kb5 {[%emt 0:00:04]} Rc1 {[%emt 0:00:21]} 89. Rg8 {[%emt 0:00:11]} Kd3 {[%emt 0:00:10]} 90. Rg3+ {[%emt 0:00:18]} Be3 {[%emt 0:00:01]} 91. Rg8 {[%emt 0:00:12]} Rc5+ {[%emt 0:00:21]} 92. Kb4 {[%emt 0:00:01]} Rd5 {[%emt 0:00:01]} 93. Rg3 {[%emt 0:00:12]} Rf5 {[%emt 0:00:06]} 94. Rh3 {[%emt 0:00:06]} Rg5 {[%emt 0:00:01]} 95. Rf3 {[%emt 0:00:06]} Rh5 {[%emt 0:00:16]} 96. Rg3 {[%emt 0:00:05]} Rh6 {[%emt 0:00:01]} 97. Kb5 {[%emt 0:00:26]} Rb6+ {[%emt 0:00:02]} 98. Ka5 {[%emt 0:00:01]} Rb1 {[%emt 0:00:07]} 99. Rh3 {[%emt 0:00:14]} Kd4 {[%emt 0:00:00]} 100. Rh4+ {[%emt 0:00:05]} Kc5 {[%emt 0:00:00]} 101. Rh5+ {[%emt 0:00:01]} Kc4 {[%emt 0:00:00]} 102. Ka6 {[%emt 0:00:45]} Rb6+ {[%emt 0:00:00]} 103. Ka5 {[%emt 0:00:01]} Rf6 {[%emt 0:00:36]} 104. Rh4+ {[%emt 0:00:05]} Bd4 {[%emt 0:00:07]} 105. Rg4 {[%emt 0:00:06]} Rh6 {[%emt 0:00:00]} 106. Rf4 {[%emt 0:00:08]} Rh7 {[%emt 0:00:06]} 0-1

[Event "RUS-chT Men Rapid 2019"]
[Site "Sochi"]
[Date "2019.10.18"]
[Round "3.15"]
[White "Vastrukhin, Oleg"]
[Black "Ulybin, Mikhail"]
[Result "1-0"]
[WhiteElo "2428"]
[BlackElo "2455"]
[Annotator "ChessBase"]
[PlyCount "113"]
[EventDate "2019.10.18"]
[EventType "swiss"]
[EventCountry "RUS"]
[SourceTitle "playchess.com"]
[Source "ChessBase"]
[SourceQuality "1"]
[TimeControl "900+10"]

1. g3 {[%emt 0:00:00]} c5 {[%emt 0:00:00]} 2. Bg2 {[%emt 0:00:00]} Nc6 {[%emt 0:00:01]} 3. c4 {[%emt 0:00:00]} g6 {[%emt 0:00:05]} 4. Nc3 {[%emt 0:00:00]} Bg7 {[%emt 0:00:04]} 5. e3 {[%emt 0:00:00]} e5 {[%emt 0:00:29]} 6. Nge2 {[%emt 0:00:04]} Nge7 {[%emt 0:00:04]} 7. O-O {[%emt 0:00:04]} O-O {[%emt 0:00:10]} 8. d3 {[%emt 0:00:03]} d6 {[%emt 0:00:16]} 9. a3 {[%emt 0:00:03]} a5 {[%emt 0:00:11]} 10. Bd2 {[%emt 0:00:04]} Be6 {[%emt 0:00:53]} 11. Nd5 {[%emt 0:00:03]} Rb8 {[%emt 0:00:10]} 12. Nec3 {[%emt 0:00:05]} Qd7 {[%emt 0:00:49]} 13. Qa4 {[%emt 0:00:03]} Rfd8 {[%emt 0:03:05]} 14. Rfb1 {[%emt 0:02:26]} Bf5 {[%emt 0:03:26]} 15. e4 {[%emt 0:01:02]} Bh3 {[%emt 0:05:39]} 16. Bg5 {[%emt 0:00:31]} Bxg2 {[%emt 0:00:34]} 17. Kxg2 {[%emt 0:00:22]} Nxd5 {[%emt 0:01:13]} 18. cxd5 {[%emt 0:01:02]} Ne7 {[%emt 0:00:16]} 19. Qxd7 {[%emt 0:00:19]} Rxd7 {[%emt 0:00:03]} 20. b4 {[%emt 0:00:44]} axb4 {[%emt 0:00:30]} 21. axb4 {[%emt 0:00:02]} cxb4 {[%emt 0:00:07]} 22. Rxb4 {[%emt 0:00:01]} Nc8 {[%emt 0:00:10]} 23. Nb5 {[%emt 0:00:19]} f6 {[%emt 0:00:15]} 24. Be3 {[%emt 0:00:02]} Kf7 {[%emt 0:00:07]} 25. Rc4 {[%emt 0:00:16]} Ne7 {[%emt 0:00:19]} 26. Bb6 {[%emt 0:00:13]} Re8 {[%emt 0:00:11]} 27. Rc7 {[%emt 0:00:12]} Red8 {[%emt 0:00:10]} 28. Ra7 {[%emt 0:00:48]} Nc8 {[%emt 0:00:05]} 29. Raxb7 {[%emt 0:00:03]} Nxb6 {[%emt 0:00:05]} 30. Rxb6 {[%emt 0:00:02]} Rxc7 {[%emt 0:00:15]} 31. Nxc7 {[%emt 0:00:02]} Rd7 {[%emt 0:00:07]} 32. Nb5 {[%emt 0:00:17]} Bf8 {[%emt 0:00:18]} 33. f4 {[%emt 0:00:04]} Be7 {[%emt 0:00:06]} 34. Kf3 {[%emt 0:00:02]} h5 {[%emt 0:00:04]} 35. f5 {[%emt 0:00:57]} Kg7 {[%emt 0:00:17]} 36. g4 {[%emt 0:00:07]} Kh6 {[%emt 0:00:09]} 37. h4 {[%emt 0:00:48]} g5 {[%emt 0:00:10]} 38. hxg5+ {[%emt 0:00:07]} Kxg5 {[%emt 0:00:08]} 39. gxh5 {[%emt 0:00:02]} Kxh5 {[%emt 0:00:02]} 40. Rc6 {[%emt 0:00:18]} Kg5 {[%emt 0:00:09]} 41. Nc7 {[%emt 0:00:41]} Kh6 {[%emt 0:00:10]} 42. Rc2 {[%emt 0:00:10]} Kg7 {[%emt 0:00:11]} 43. Ne6+ {[%emt 0:00:07]} Kf7 {[%emt 0:00:05]} 44. Rh2 {[%emt 0:00:04]} Ra7 {[%emt 0:00:08]} 45. Rh7+ {[%emt 0:00:55]} Ke8 {[%emt 0:00:03]} 46. Rh8+ {[%emt 0:00:06]} Kf7 {[%emt 0:00:11]} 47. Nd8+ {[%emt 0:00:14]} Kg7 {[%emt 0:00:04]} 48. Re8 {[%emt 0:00:42]} Rd7 {[%emt 0:00:21]} 49. Nc6 {[%emt 0:00:06]} Bf8 {[%emt 0:00:02]} 50. Rb8 {[%emt 0:00:19]} Kf7 {[%emt 0:00:33]} 51. Nd8+ {[%emt 0:00:12]} Ke7 {[%emt 0:00:02]} 52. Ne6 {[%emt 0:00:05]} Bh6 {[%emt 0:00:03]} 53. Kg4 {[%emt 0:00:02]} Bd2 {[%emt 0:00:13]} 54. Kh5 {[%emt 0:00:04]} Ra7 {[%emt 0:00:11]} 55. Kg6 {[%emt 0:00:05]} Be1 {[%emt 0:00:24]} 56. Rb1 {[%emt 0:00:11]} Bd2 {[%emt 0:00:15]} 57. Rh1 {[%emt 0:00:05]} 1-0

[Event "RUS-chT Men Rapid 2019"]
[Site "Sochi"]
[Date "2019.10.18"]
[Round "3.16"]
[White "Pingin, Artem"]
[Black "Utnasunov, Alexander"]
[Result "0-1"]
[WhiteElo "2048"]
[BlackElo "2442"]
[Annotator "NA"]
[PlyCount "100"]
[EventDate "2019.10.18"]
[EventType "swiss"]
[EventCountry "RUS"]
[SourceTitle "playchess.com"]
[Source "ChessBase"]
[SourceQuality "1"]
[TimeControl "900+10"]

1. e4 {[%emt 0:00:00]} c5 {[%emt 0:00:00]} 2. Nf3 {[%emt 0:00:00]} d6 {[%emt 0:00:00]} 3. d4 {[%emt 0:00:00]} cxd4 {[%emt 0:00:00]} 4. Nxd4 {[%emt 0:00:00]} Nf6 {[%emt 0:00:00]} 5. Nc3 g6 {[%emt 0:00:01]} 6. Be3 {[%emt 0:00:10]} a6 {[%emt 0:00:02]} 7. f3 {[%emt 0:00:01]} b5 {[%emt 0:00:02]} 8. Qd2 {[%emt 0:00:04]} Bb7 {[%emt 0:00:01]} 9. O-O-O {[%emt 0:00:54]} Nbd7 {[%emt 0:00:02]} 10. a3 {[%emt 0:01:12]} Rc8 {[%emt 0:00:04]} 11. Kb1 {[%emt 0:00:06]} Bg7 {[%emt 0:00:04]} 12. g4 {[%emt 0:00:09]} Ne5 {[%emt 0:00:05]} 13. h4 {[%emt 0:00:30]} Nxf3 {[%emt 0:01:05]} 14. Nxf3 {[%emt 0:00:17]} Nxe4 {[%emt 0:00:02]} 15. Nxe4 {[%emt 0:00:22]} Bxe4 {[%emt 0:00:02]} 16. Bg2 {[%emt 0:00:47]} Rxc2 {[%emt 0:00:02]} 17. Qxc2 {[%emt 0:00:02]} Bxc2+ {[%emt 0:00:02]} 18. Kxc2 {[%emt 0:00:02]} Qc8+ {[%emt 0:00:01]} 19. Kd2 {[%emt 0:01:08]} Qxg4 {[%emt 0:01:16]} 20. Rhg1 {[%emt 0:00:01]} O-O {[%emt 0:00:20]} 21. Ke2 {[%emt 0:02:12]} Bxb2 {[%emt 0:00:45]} 22. Kf2 {[%emt 0:00:20]} Rc8 {[%emt 0:00:18]} 23. Bf1 {[%emt 0:01:15]} Rc2+ {[%emt 0:00:42]} 24. Rd2 {[%emt 0:00:22]} Rxd2+ {[%emt 0:00:44]} 25. Bxd2 {[%emt 0:00:03]} Bd4+ {[%emt 0:00:43]} 26. Nxd4 {[%emt 0:01:29]} Qxd4+ {[%emt 0:00:02]} 27. Be3 {[%emt 0:00:02]} Qxh4+ {[%emt 0:00:01]} 28. Kf3 {[%emt 0:00:14]} Qf6+ {[%emt 0:00:22]} 29. Kg3 {[%emt 0:00:13]} Qe5+ {[%emt 0:00:05]} 30. Kf2 {[%emt 0:00:01]} Qb2+ {[%emt 0:00:09]} 31. Be2 {[%emt 0:00:02]} f5 {[%emt 0:01:51]} 32. Rc1 {[%emt 0:00:40]} Kf7 {[%emt 0:00:15]} 33. Rc6 {[%emt 0:02:11]} Qxa3 {[%emt 0:00:42]} 34. Bf3 {[%emt 0:00:01]} Qa2+ {[%emt 0:00:05]} 35. Kg3 {[%emt 0:00:30]} e5 {[%emt 0:01:10]} 36. Bg5 {[%emt 0:00:32]} e4 {[%emt 0:00:02]} 37. Bd1 {[%emt 0:00:09]} Qb1 {[%emt 0:00:38]} 38. Rc1 {[%emt 0:00:23]} Qd3+ {[%emt 0:00:03]} 39. Kg2 {[%emt 0:00:14]} Ke6 {[%emt 0:00:35]} 40. Kf2 {[%emt 0:00:31]} Qh3 {[%emt 0:00:46]} 41. Bf4 {[%emt 0:00:36]} Qh4+ {[%emt 0:00:43]} 42. Bg3 {[%emt 0:00:01]} Qh6 {[%emt 0:00:04]} 43. Rc6 {[%emt 0:00:06]} Qd2+ {[%emt 0:00:02]} 44. Be2 {[%emt 0:00:06]} f4 {[%emt 0:00:03]} 45. Bh2 {[%emt 0:00:10]} e3+ {[%emt 0:01:13]} 46. Kf1 {[%emt 0:00:06]} f3 {[%emt 0:00:02]} 47. Rxd6+ {[%emt 0:00:16]} Qxd6 {[%emt 0:00:02]} 48. Bxd6 {[%emt 0:00:02]} fxe2+ {[%emt 0:00:01]} 49. Kxe2 {[%emt 0:00:01]} Kxd6 {[%emt 0:00:01]} 50. Kxe3 {[%emt 0:00:02]} Ke5 {Kd4+} 0-1